[Event "FRA-ch U10"]
[Site "Hyeres"]
[Date "2002.??.??"]
[Round "1.3"]
[White "Baudson, Charles"]
[Black "Aubertier, Thomas"]
[Result "1-0"]
[WhiteElo "1760"]
[BlackElo "1350"]
[PlyCount "119"]
[EventDate "2002.04.05"]
[EventType "swiss"]
[EventRounds "9"]
[EventCountry "FRA"]
[SourceTitle "EXT 2003"]
[Source "ChessBase"]
[SourceDate "2002.11.25"]
[SourceVersion "1"]
[SourceVersionDate "2002.11.25"]
[SourceQuality "1"]

1. e4 e6 2. d4 d5 3. Bd3 Nf6 4. e5 Nfd7 5. f4 Be7 6. Nf3 0-0 7. Be3 Nc6 8. c3 b6 9. Qc2 g6 10. 0-0 Bb7 11. Nbd2 Ndb8 12. Rf2 Qd7 13. Raf1 Nd8 14. c4 c5 15. cxd5 Bxd5 16. b3 Nb7 17. Be4 Bxe4 18. Nxe4 Qd5 19. dxc5 bxc5 20. Nfg5 Nd7 21. Rd2 Qc6 22. b4 Rac8 23. h3 Rfd8 24. Rfd1 Rc7 25. Kh2 Rcc8 26. bxc5 Nbxc5 27. Bxc5 Bxc5 28. Nxc5 Rc7 29. Nxd7 Qxc2 30. Rxc2 Rcxd7 31. Rxd7 Rxd7 32. Rc8+ Kg7 33. Ra8 h6 34. Ne4 Rd4 35. Nf6 h5 36. Rxa7 Rxf4 37. Ra8 Rf5 38. Rg8+ Kh6 39. Rh8+ Kg7 40. Rh7+ Kf8 41. Rh8+ Kg7 42. Rh7+ Kf8 43. a4 Ke7 44. Ng8+ Kf8 45. Nh6 Rxe5 46. Rxf7+ Ke8 47. Rf3 Ra5 48. Rf6 Rxa4 49. Rxe6+ Kd7 50. Rxg6 Ke7 51. Rb6 Kd7 52. Rb5 h4 53. Rh5 Ke6 54. Ng4 Re4 55. Rxh4 Kf5 56. Nh6+ Ke5 57. Rxe4+ Kxe4 58. g4 Kf4 59. h4 Ke5 60. Nf5 1-0